<?xml version="1.0" encoding="UTF-8"?>
<record
    xmlns:xsi="http://www.w3.org/2001/XMLSchema-instance"
    xsi:schemaLocation="http://www.loc.gov/MARC21/slim http://www.loc.gov/standards/marcxml/schema/MARC21slim.xsd"
    xmlns="http://www.loc.gov/MARC21/slim">

  <leader>01254    a2200289   4500</leader>
  <controlfield tag="001">16923</controlfield>
  <datafield tag="020" ind1=" " ind2=" ">
    <subfield code="a">9788516055509</subfield>
  </datafield>
  <datafield tag="020" ind1=" " ind2=" ">
    <subfield code="q">(broch.)</subfield>
  </datafield>
  <datafield tag="041" ind1=" " ind2=" ">
    <subfield code="a">por</subfield>
  </datafield>
  <datafield tag="082" ind1=" " ind2=" ">
    <subfield code="a">028.5</subfield>
  </datafield>
  <datafield tag="100" ind1=" " ind2=" ">
    <subfield code="a">Dreguer, Ricardo.</subfield>
  </datafield>
  <datafield tag="250" ind1=" " ind2=" ">
    <subfield code="a">2.ed.</subfield>
  </datafield>
  <datafield tag="300" ind1=" " ind2=" ">
    <subfield code="a">48p.</subfield>
  </datafield>
  <datafield tag="490" ind1=" " ind2=" ">
    <subfield code="a">Viagens da Bia</subfield>
  </datafield>
  <datafield tag="520" ind1=" " ind2=" ">
    <subfield code="a">Bia &#xE9; filha de uma diplomata e viaja com a m&#xE3;e por diferentes continentes: &#xC1;frica, Europa, &#xC1;sia, Am&#xE9;rica. Nessas viagens ela conhece muitas das influ&#xEA;ncias que os habitantes de outros pa&#xED;ses trouxeram para o Brasil. Neste livro viaje com a Bia para a &#xC1;sia. Conhe&#xE7;a &#xCD;ndia, China, Jord&#xE2;nia, Mong&#xF3;lia, Coreia do Sul, Uzbequist&#xE3;o, Nepal e Tail&#xE2;ndia. Tamb&#xE9;m more com ela no Jap&#xE3;o! Nesses pa&#xED;ses voc&#xEA; conhecer&#xE1; costumes bem diferentes dos nossos e refletir&#xE1; sobre os significados das tradi&#xE7;&#xF5;es de cada povo . Boa viagem!</subfield>
  </datafield>
  <datafield tag="521" ind1=" " ind2=" ">
    <subfield code="a">Year 4</subfield>
  </datafield>
  <datafield tag="697" ind1=" " ind2=" ">
    <subfield code="a">Literatura infantojuvenil.</subfield>
  </datafield>
  <datafield tag="697" ind1=" " ind2=" ">
    <subfield code="a">Diversidade cultural.</subfield>
  </datafield>
  <datafield tag="830" ind1=" " ind2=" ">
    <subfield code="a">Viagens da Bia</subfield>
  </datafield>
  <datafield tag="856" ind1=" " ind2=" ">
    <subfield code="u">000026/000026d0.jpg</subfield>
  </datafield>
  <datafield tag="040" ind1=" " ind2=" ">
    <subfield code="a">BR-BrIDEA</subfield>
    <subfield code="c">BR-BrIDEA</subfield>
  </datafield>
  <datafield tag="090" ind1=" " ind2=" ">
    <subfield code="a">AP Year 4 028</subfield>
    <subfield code="b">DRE</subfield>
  </datafield>
  <datafield tag="245" ind1="1" ind2="0">
    <subfield code="a">Bia na &#xC1;sia</subfield>
    <subfield code="c">Ricardo Dreguer; ilustra&#xE7;&#xF5;es de Thiago Lopes</subfield>
  </datafield>
  <datafield tag="260" ind1=" " ind2=" ">
    <subfield code="a">S&#xE3;o Paulo</subfield>
    <subfield code="b">Moderna</subfield>
    <subfield code="c">2018</subfield>
  </datafield>
  <datafield tag="700" ind1=" " ind2=" ">
    <subfield code="a">Lopes, Thiago</subfield>
    <subfield code="e">ilustrador</subfield>
  </datafield>
  <datafield tag="942" ind1=" " ind2=" ">
    <subfield code="c">BK</subfield>
  </datafield>
  <datafield tag="952" ind1=" " ind2=" ">
    <subfield code="0">0</subfield>
    <subfield code="1">0</subfield>
    <subfield code="4">0</subfield>
    <subfield code="7">0</subfield>
    <subfield code="a">91.4</subfield>
    <subfield code="b">91.4</subfield>
    <subfield code="d">2023-11-21</subfield>
    <subfield code="l">0</subfield>
    <subfield code="o">LJ 028.5 D771b DRE BIA</subfield>
    <subfield code="p">2389/BEL</subfield>
    <subfield code="r">2023-11-21 17:41:16</subfield>
    <subfield code="w">2023-11-21</subfield>
    <subfield code="y">BK</subfield>
  </datafield>
  <datafield tag="952" ind1=" " ind2=" ">
    <subfield code="0">0</subfield>
    <subfield code="1">0</subfield>
    <subfield code="4">0</subfield>
    <subfield code="7">0</subfield>
    <subfield code="a">88.1</subfield>
    <subfield code="b">88.1</subfield>
    <subfield code="d">2023-11-21</subfield>
    <subfield code="l">0</subfield>
    <subfield code="o">028.5 DRE BIA</subfield>
    <subfield code="p">2654/ITA</subfield>
    <subfield code="r">2023-11-21 20:04:36</subfield>
    <subfield code="w">2023-11-21</subfield>
    <subfield code="y">BK</subfield>
  </datafield>
  <datafield tag="952" ind1=" " ind2=" ">
    <subfield code="0">0</subfield>
    <subfield code="1">0</subfield>
    <subfield code="2">ddc</subfield>
    <subfield code="4">0</subfield>
    <subfield code="7">0</subfield>
    <subfield code="a">12.28</subfield>
    <subfield code="b">12.28</subfield>
    <subfield code="d">2016-02-11</subfield>
    <subfield code="l">0</subfield>
    <subfield code="o">P Year 4 028</subfield>
    <subfield code="p">00019919SSW</subfield>
    <subfield code="r">2024-01-23 14:46:51</subfield>
    <subfield code="w">2024-01-23</subfield>
    <subfield code="y">BK</subfield>
  </datafield>
  <datafield tag="952" ind1=" " ind2=" ">
    <subfield code="0">0</subfield>
    <subfield code="1">0</subfield>
    <subfield code="2">ddc</subfield>
    <subfield code="4">0</subfield>
    <subfield code="7">0</subfield>
    <subfield code="a">12.28</subfield>
    <subfield code="b">12.28</subfield>
    <subfield code="d">2016-02-11</subfield>
    <subfield code="l">0</subfield>
    <subfield code="o">P Year 4 028</subfield>
    <subfield code="p">00019922SSW</subfield>
    <subfield code="r">2024-01-23 14:46:51</subfield>
    <subfield code="w">2024-01-23</subfield>
    <subfield code="y">BK</subfield>
  </datafield>
  <datafield tag="952" ind1=" " ind2=" ">
    <subfield code="0">0</subfield>
    <subfield code="1">0</subfield>
    <subfield code="2">ddc</subfield>
    <subfield code="4">0</subfield>
    <subfield code="7">0</subfield>
    <subfield code="a">12.28</subfield>
    <subfield code="b">12.28</subfield>
    <subfield code="d">2016-02-11</subfield>
    <subfield code="l">0</subfield>
    <subfield code="o">P Year 4 028</subfield>
    <subfield code="p">00019920SSW</subfield>
    <subfield code="r">2024-01-23 14:46:51</subfield>
    <subfield code="w">2024-01-23</subfield>
    <subfield code="y">BK</subfield>
  </datafield>
  <datafield tag="952" ind1=" " ind2=" ">
    <subfield code="0">0</subfield>
    <subfield code="1">0</subfield>
    <subfield code="2">ddc</subfield>
    <subfield code="4">0</subfield>
    <subfield code="7">0</subfield>
    <subfield code="a">12.28</subfield>
    <subfield code="b">12.28</subfield>
    <subfield code="d">2017-03-06</subfield>
    <subfield code="l">0</subfield>
    <subfield code="o">P Year 4 028</subfield>
    <subfield code="p">00029151SSW</subfield>
    <subfield code="r">2024-01-23 14:46:51</subfield>
    <subfield code="w">2024-01-23</subfield>
    <subfield code="y">BK</subfield>
  </datafield>
  <datafield tag="952" ind1=" " ind2=" ">
    <subfield code="0">0</subfield>
    <subfield code="1">0</subfield>
    <subfield code="2">ddc</subfield>
    <subfield code="4">0</subfield>
    <subfield code="7">0</subfield>
    <subfield code="a">12.28</subfield>
    <subfield code="b">12.28</subfield>
    <subfield code="d">2017-03-06</subfield>
    <subfield code="l">0</subfield>
    <subfield code="o">P Year 4 028</subfield>
    <subfield code="p">00029154SSW</subfield>
    <subfield code="r">2024-01-23 14:46:51</subfield>
    <subfield code="w">2024-01-23</subfield>
    <subfield code="y">BK</subfield>
  </datafield>
  <datafield tag="952" ind1=" " ind2=" ">
    <subfield code="0">0</subfield>
    <subfield code="1">0</subfield>
    <subfield code="2">ddc</subfield>
    <subfield code="4">0</subfield>
    <subfield code="7">0</subfield>
    <subfield code="a">12.28</subfield>
    <subfield code="b">12.28</subfield>
    <subfield code="d">2017-03-06</subfield>
    <subfield code="l">0</subfield>
    <subfield code="o">P Year 4 028</subfield>
    <subfield code="p">00029149SSW</subfield>
    <subfield code="r">2024-01-23 14:46:51</subfield>
    <subfield code="w">2024-01-23</subfield>
    <subfield code="y">BK</subfield>
  </datafield>
  <datafield tag="952" ind1=" " ind2=" ">
    <subfield code="0">0</subfield>
    <subfield code="1">0</subfield>
    <subfield code="2">ddc</subfield>
    <subfield code="4">0</subfield>
    <subfield code="7">0</subfield>
    <subfield code="a">12.28</subfield>
    <subfield code="b">12.28</subfield>
    <subfield code="d">2017-03-06</subfield>
    <subfield code="l">0</subfield>
    <subfield code="o">P Year 4 028</subfield>
    <subfield code="p">00029152SSW</subfield>
    <subfield code="r">2024-01-23 14:46:51</subfield>
    <subfield code="w">2024-01-23</subfield>
    <subfield code="y">BK</subfield>
  </datafield>
  <datafield tag="952" ind1=" " ind2=" ">
    <subfield code="0">0</subfield>
    <subfield code="1">0</subfield>
    <subfield code="2">ddc</subfield>
    <subfield code="4">0</subfield>
    <subfield code="7">0</subfield>
    <subfield code="a">12.28</subfield>
    <subfield code="b">12.28</subfield>
    <subfield code="d">2016-02-11</subfield>
    <subfield code="l">1</subfield>
    <subfield code="o">P Year 4 028</subfield>
    <subfield code="p">00019921SSW</subfield>
    <subfield code="q">2024-07-19</subfield>
    <subfield code="r">2024-05-20 15:28:31</subfield>
    <subfield code="s">2024-05-20</subfield>
    <subfield code="w">2024-01-23</subfield>
    <subfield code="y">BK</subfield>
  </datafield>
  <datafield tag="952" ind1=" " ind2=" ">
    <subfield code="0">0</subfield>
    <subfield code="1">0</subfield>
    <subfield code="2">ddc</subfield>
    <subfield code="4">0</subfield>
    <subfield code="7">0</subfield>
    <subfield code="a">12.28</subfield>
    <subfield code="b">12.28</subfield>
    <subfield code="d">2016-02-11</subfield>
    <subfield code="l">0</subfield>
    <subfield code="o">P Year 4 028</subfield>
    <subfield code="p">00019924SSW</subfield>
    <subfield code="r">2024-01-23 14:46:51</subfield>
    <subfield code="w">2024-01-23</subfield>
    <subfield code="y">BK</subfield>
  </datafield>
  <datafield tag="952" ind1=" " ind2=" ">
    <subfield code="0">0</subfield>
    <subfield code="1">0</subfield>
    <subfield code="2">ddc</subfield>
    <subfield code="4">0</subfield>
    <subfield code="7">0</subfield>
    <subfield code="a">12.28</subfield>
    <subfield code="b">12.28</subfield>
    <subfield code="d">2017-03-06</subfield>
    <subfield code="l">1</subfield>
    <subfield code="o">P Year 4 028</subfield>
    <subfield code="p">00029147SSW</subfield>
    <subfield code="r">2024-03-14 15:05:19</subfield>
    <subfield code="s">2024-03-08</subfield>
    <subfield code="w">2024-01-23</subfield>
    <subfield code="y">BK</subfield>
  </datafield>
  <datafield tag="952" ind1=" " ind2=" ">
    <subfield code="0">0</subfield>
    <subfield code="1">0</subfield>
    <subfield code="2">ddc</subfield>
    <subfield code="4">0</subfield>
    <subfield code="7">0</subfield>
    <subfield code="a">12.28</subfield>
    <subfield code="b">12.28</subfield>
    <subfield code="d">2017-03-06</subfield>
    <subfield code="l">4</subfield>
    <subfield code="o">P Year 4 028</subfield>
    <subfield code="p">00029150SSW</subfield>
    <subfield code="r">2024-06-20 14:48:16</subfield>
    <subfield code="s">2024-06-13</subfield>
    <subfield code="w">2024-01-23</subfield>
    <subfield code="y">BK</subfield>
  </datafield>
  <datafield tag="952" ind1=" " ind2=" ">
    <subfield code="0">0</subfield>
    <subfield code="1">0</subfield>
    <subfield code="2">ddc</subfield>
    <subfield code="4">0</subfield>
    <subfield code="7">0</subfield>
    <subfield code="a">12.28</subfield>
    <subfield code="b">12.28</subfield>
    <subfield code="d">2017-03-06</subfield>
    <subfield code="l">0</subfield>
    <subfield code="o">P Year 4 028</subfield>
    <subfield code="p">00029148SSW</subfield>
    <subfield code="r">2024-01-23 14:46:52</subfield>
    <subfield code="w">2024-01-23</subfield>
    <subfield code="y">BK</subfield>
  </datafield>
  <datafield tag="952" ind1=" " ind2=" ">
    <subfield code="0">0</subfield>
    <subfield code="1">0</subfield>
    <subfield code="2">ddc</subfield>
    <subfield code="4">0</subfield>
    <subfield code="7">0</subfield>
    <subfield code="a">12.28</subfield>
    <subfield code="b">12.28</subfield>
    <subfield code="d">2017-03-06</subfield>
    <subfield code="l">0</subfield>
    <subfield code="o">P Year 4 028</subfield>
    <subfield code="p">00029153SSW</subfield>
    <subfield code="r">2024-01-23 14:46:52</subfield>
    <subfield code="w">2024-01-23</subfield>
    <subfield code="y">BK</subfield>
  </datafield>
  <datafield tag="952" ind1=" " ind2=" ">
    <subfield code="0">0</subfield>
    <subfield code="1">0</subfield>
    <subfield code="2">ddc</subfield>
    <subfield code="4">0</subfield>
    <subfield code="7">0</subfield>
    <subfield code="a">12.28</subfield>
    <subfield code="b">12.28</subfield>
    <subfield code="d">2016-02-11</subfield>
    <subfield code="l">5</subfield>
    <subfield code="o">P Year 4 028</subfield>
    <subfield code="p">00019923SSW</subfield>
    <subfield code="r">2024-06-20 11:26:09</subfield>
    <subfield code="s">2024-04-25</subfield>
    <subfield code="w">2024-01-23</subfield>
    <subfield code="y">BK</subfield>
  </datafield>
  <datafield tag="952" ind1=" " ind2=" ">
    <subfield code="0">0</subfield>
    <subfield code="1">0</subfield>
    <subfield code="2">ddc</subfield>
    <subfield code="4">0</subfield>
    <subfield code="7">0</subfield>
    <subfield code="a">12.27</subfield>
    <subfield code="b">12.27</subfield>
    <subfield code="d">2020-11-02</subfield>
    <subfield code="l">0</subfield>
    <subfield code="o">AP Year 4 028 DRE</subfield>
    <subfield code="p">00050281AGC</subfield>
    <subfield code="r">2024-01-23 14:58:38</subfield>
    <subfield code="w">2024-01-23</subfield>
    <subfield code="y">BK</subfield>
  </datafield>
  <datafield tag="952" ind1=" " ind2=" ">
    <subfield code="0">0</subfield>
    <subfield code="1">0</subfield>
    <subfield code="2">ddc</subfield>
    <subfield code="4">0</subfield>
    <subfield code="7">0</subfield>
    <subfield code="a">12.27</subfield>
    <subfield code="b">12.27</subfield>
    <subfield code="d">2020-11-02</subfield>
    <subfield code="l">1</subfield>
    <subfield code="o">AP Year 4 028 DRE</subfield>
    <subfield code="p">00050282AGC</subfield>
    <subfield code="r">2024-03-12 14:35:50</subfield>
    <subfield code="s">2024-03-05</subfield>
    <subfield code="w">2024-01-23</subfield>
    <subfield code="y">BK</subfield>
  </datafield>
  <datafield tag="952" ind1=" " ind2=" ">
    <subfield code="0">0</subfield>
    <subfield code="1">0</subfield>
    <subfield code="2">ddc</subfield>
    <subfield code="4">0</subfield>
    <subfield code="7">0</subfield>
    <subfield code="a">12.27</subfield>
    <subfield code="b">12.27</subfield>
    <subfield code="d">2020-11-02</subfield>
    <subfield code="l">1</subfield>
    <subfield code="o">AP Year 4 028 DRE</subfield>
    <subfield code="p">00050283AGC</subfield>
    <subfield code="r">2024-04-11 16:27:09</subfield>
    <subfield code="s">2024-04-03</subfield>
    <subfield code="w">2024-01-23</subfield>
    <subfield code="y">BK</subfield>
  </datafield>
  <datafield tag="952" ind1=" " ind2=" ">
    <subfield code="0">0</subfield>
    <subfield code="1">0</subfield>
    <subfield code="2">ddc</subfield>
    <subfield code="4">0</subfield>
    <subfield code="7">0</subfield>
    <subfield code="a">12.27</subfield>
    <subfield code="b">12.27</subfield>
    <subfield code="d">2020-11-02</subfield>
    <subfield code="l">2</subfield>
    <subfield code="o">AP Year 4 028 DRE</subfield>
    <subfield code="p">00050284AGC</subfield>
    <subfield code="r">2024-04-02 19:54:22</subfield>
    <subfield code="s">2024-03-20</subfield>
    <subfield code="w">2024-01-23</subfield>
    <subfield code="y">BK</subfield>
  </datafield>
  <datafield tag="952" ind1=" " ind2=" ">
    <subfield code="0">0</subfield>
    <subfield code="1">0</subfield>
    <subfield code="2">ddc</subfield>
    <subfield code="4">0</subfield>
    <subfield code="7">0</subfield>
    <subfield code="a">12.27</subfield>
    <subfield code="b">12.27</subfield>
    <subfield code="d">2020-11-02</subfield>
    <subfield code="l">1</subfield>
    <subfield code="o">AP Year 4 028 DRE</subfield>
    <subfield code="p">00050285AGC</subfield>
    <subfield code="r">2024-04-09 11:47:23</subfield>
    <subfield code="s">2024-04-02</subfield>
    <subfield code="w">2024-01-23</subfield>
    <subfield code="y">BK</subfield>
  </datafield>
  <datafield tag="952" ind1=" " ind2=" ">
    <subfield code="0">0</subfield>
    <subfield code="1">0</subfield>
    <subfield code="2">ddc</subfield>
    <subfield code="4">0</subfield>
    <subfield code="7">0</subfield>
    <subfield code="a">12.27</subfield>
    <subfield code="b">12.27</subfield>
    <subfield code="d">2020-11-02</subfield>
    <subfield code="l">0</subfield>
    <subfield code="o">AP Year 4 028 DRE</subfield>
    <subfield code="p">00050286AGC</subfield>
    <subfield code="r">2024-01-23 14:58:38</subfield>
    <subfield code="w">2024-01-23</subfield>
    <subfield code="y">BK</subfield>
  </datafield>
  <datafield tag="952" ind1=" " ind2=" ">
    <subfield code="0">0</subfield>
    <subfield code="1">0</subfield>
    <subfield code="2">ddc</subfield>
    <subfield code="4">0</subfield>
    <subfield code="7">0</subfield>
    <subfield code="a">12.27</subfield>
    <subfield code="b">12.27</subfield>
    <subfield code="d">2020-11-02</subfield>
    <subfield code="l">0</subfield>
    <subfield code="o">AP Year 4 028 DRE</subfield>
    <subfield code="p">00050289AGC</subfield>
    <subfield code="r">2024-01-23 14:58:38</subfield>
    <subfield code="w">2024-01-23</subfield>
    <subfield code="y">BK</subfield>
  </datafield>
  <datafield tag="952" ind1=" " ind2=" ">
    <subfield code="0">0</subfield>
    <subfield code="1">0</subfield>
    <subfield code="2">ddc</subfield>
    <subfield code="4">0</subfield>
    <subfield code="7">0</subfield>
    <subfield code="a">12.27</subfield>
    <subfield code="b">12.27</subfield>
    <subfield code="d">2020-11-02</subfield>
    <subfield code="l">1</subfield>
    <subfield code="o">AP Year 4 028 DRE</subfield>
    <subfield code="p">00050290AGC</subfield>
    <subfield code="r">2024-03-12 13:46:54</subfield>
    <subfield code="s">2024-03-05</subfield>
    <subfield code="w">2024-01-23</subfield>
    <subfield code="y">BK</subfield>
  </datafield>
  <datafield tag="952" ind1=" " ind2=" ">
    <subfield code="0">0</subfield>
    <subfield code="1">0</subfield>
    <subfield code="2">ddc</subfield>
    <subfield code="4">0</subfield>
    <subfield code="7">0</subfield>
    <subfield code="a">12.27</subfield>
    <subfield code="b">12.27</subfield>
    <subfield code="d">2020-11-02</subfield>
    <subfield code="l">1</subfield>
    <subfield code="o">AP Year 4 028 DRE</subfield>
    <subfield code="p">00050291AGC</subfield>
    <subfield code="r">2024-03-19 14:27:19</subfield>
    <subfield code="s">2024-03-15</subfield>
    <subfield code="w">2024-01-23</subfield>
    <subfield code="y">BK</subfield>
  </datafield>
  <datafield tag="952" ind1=" " ind2=" ">
    <subfield code="0">0</subfield>
    <subfield code="1">0</subfield>
    <subfield code="2">ddc</subfield>
    <subfield code="4">0</subfield>
    <subfield code="7">0</subfield>
    <subfield code="a">12.27</subfield>
    <subfield code="b">12.27</subfield>
    <subfield code="d">2020-11-02</subfield>
    <subfield code="l">1</subfield>
    <subfield code="o">AP Year 4 028 DRE</subfield>
    <subfield code="p">00050292AGC</subfield>
    <subfield code="r">2024-03-13 18:08:51</subfield>
    <subfield code="s">2024-03-06</subfield>
    <subfield code="w">2024-01-23</subfield>
    <subfield code="y">BK</subfield>
  </datafield>
  <datafield tag="952" ind1=" " ind2=" ">
    <subfield code="0">0</subfield>
    <subfield code="1">0</subfield>
    <subfield code="2">ddc</subfield>
    <subfield code="4">0</subfield>
    <subfield code="7">0</subfield>
    <subfield code="a">12.27</subfield>
    <subfield code="b">12.27</subfield>
    <subfield code="d">2020-11-02</subfield>
    <subfield code="l">0</subfield>
    <subfield code="o">AP Year 4 028 DRE</subfield>
    <subfield code="p">00050288AGC</subfield>
    <subfield code="r">2024-01-23 14:58:38</subfield>
    <subfield code="w">2024-01-23</subfield>
    <subfield code="y">BK</subfield>
  </datafield>
  <datafield tag="952" ind1=" " ind2=" ">
    <subfield code="0">0</subfield>
    <subfield code="1">0</subfield>
    <subfield code="2">ddc</subfield>
    <subfield code="4">0</subfield>
    <subfield code="7">0</subfield>
    <subfield code="a">12.27</subfield>
    <subfield code="b">12.27</subfield>
    <subfield code="d">2020-11-02</subfield>
    <subfield code="l">1</subfield>
    <subfield code="o">AP Year 4 028 DRE</subfield>
    <subfield code="p">00050287AGC</subfield>
    <subfield code="r">2024-03-27 13:37:07</subfield>
    <subfield code="s">2024-02-06</subfield>
    <subfield code="w">2024-01-23</subfield>
    <subfield code="y">BK</subfield>
  </datafield>
  <datafield tag="952" ind1=" " ind2=" ">
    <subfield code="0">0</subfield>
    <subfield code="1">0</subfield>
    <subfield code="4">0</subfield>
    <subfield code="7">0</subfield>
    <subfield code="a">12.10</subfield>
    <subfield code="b">12.10</subfield>
    <subfield code="d">2024-02-09</subfield>
    <subfield code="l">0</subfield>
    <subfield code="o">DRE-B4</subfield>
    <subfield code="p">A10970</subfield>
    <subfield code="r">2024-02-09 21:23:10</subfield>
    <subfield code="w">2024-02-09</subfield>
    <subfield code="y">BK</subfield>
  </datafield>
  <datafield tag="952" ind1=" " ind2=" ">
    <subfield code="0">0</subfield>
    <subfield code="1">0</subfield>
    <subfield code="4">0</subfield>
    <subfield code="7">0</subfield>
    <subfield code="a">80.1</subfield>
    <subfield code="b">80.1</subfield>
    <subfield code="d">2024-02-09</subfield>
    <subfield code="l">0</subfield>
    <subfield code="o">DRE-B4</subfield>
    <subfield code="p">A10971</subfield>
    <subfield code="r">2024-02-09 21:23:10</subfield>
    <subfield code="w">2024-02-09</subfield>
    <subfield code="y">BK</subfield>
  </datafield>
  <datafield tag="952" ind1=" " ind2=" ">
    <subfield code="0">0</subfield>
    <subfield code="1">0</subfield>
    <subfield code="4">0</subfield>
    <subfield code="7">0</subfield>
    <subfield code="a">12.10</subfield>
    <subfield code="b">12.10</subfield>
    <subfield code="d">2024-02-09</subfield>
    <subfield code="l">0</subfield>
    <subfield code="o">DRE-B4</subfield>
    <subfield code="p">A10972</subfield>
    <subfield code="r">2024-02-09 21:23:10</subfield>
    <subfield code="w">2024-02-09</subfield>
    <subfield code="y">BK</subfield>
  </datafield>
  <datafield tag="952" ind1=" " ind2=" ">
    <subfield code="0">0</subfield>
    <subfield code="1">0</subfield>
    <subfield code="4">0</subfield>
    <subfield code="7">0</subfield>
    <subfield code="a">80.1</subfield>
    <subfield code="b">80.1</subfield>
    <subfield code="d">2024-02-09</subfield>
    <subfield code="l">0</subfield>
    <subfield code="o">DRE-B4</subfield>
    <subfield code="p">A10973</subfield>
    <subfield code="r">2024-02-09 21:23:10</subfield>
    <subfield code="w">2024-02-09</subfield>
    <subfield code="y">BK</subfield>
  </datafield>
  <datafield tag="952" ind1=" " ind2=" ">
    <subfield code="0">0</subfield>
    <subfield code="1">0</subfield>
    <subfield code="2">ddc</subfield>
    <subfield code="4">0</subfield>
    <subfield code="7">0</subfield>
    <subfield code="a">57.2</subfield>
    <subfield code="b">57.2</subfield>
    <subfield code="d">2024-06-28</subfield>
    <subfield code="l">0</subfield>
    <subfield code="p">if169</subfield>
    <subfield code="r">2024-06-28 15:57:56</subfield>
    <subfield code="w">2024-06-28</subfield>
    <subfield code="y">BK</subfield>
    <subfield code="z">B</subfield>
    <subfield code="u"></subfield>
  </datafield>
  <datafield tag="999" ind1=" " ind2=" ">
    <subfield code="c">16923</subfield>
    <subfield code="d">16923</subfield>
  </datafield>
</record>
